| 000 | 00549aga a2200205 4500 | ||
|---|---|---|---|
| 005 | 20191224042157.0 | ||
| 008 | 170214b xxu||||| |||| 00| 0 spa d | ||
| 040 |
_aCO-BoIAVH _cCO-BoIAVH |
||
| 041 | 0 | _aspa | |
| 090 |
_aAV _b00051 |
||
| 110 | 1 | _aCorpociencias | |
| 245 | 1 | 0 | _aJardín Botánico |
| 260 |
_aCali _bCorpociencias _c1995? |
||
| 260 |
_bUnivalle _a: _c. |
||
| 300 |
_a4 min. _bVHS |
||
| 650 | 1 | 4 | _aJardines botánicos |
| 650 | 1 | 4 | _aConservación ex-situ |
| 710 | 1 | _aUniversidad del Valle | |
| 942 |
_cVHS _2z |
||
| 999 |
_c16476 _d16476 |
||